00349nam a2200121Ia 4500008004100000082002000041100002500061245001900086260004300105300000900148630001800157650005200175211109s9999||||xx |||||||||||||| ||und|| a894.8121bKRI-A aKrishna Warrier, N V 0aAkam Kavithkal bKerala Sahitya AcademyaThrissurc1981 a176p xGeneral Stack aMalayalam LiteraturevMalayalam PoetryMalayalam